LEADER 01348nam a2200301 u 4500 001 000000007739 003 CaOOAMICUS 005 20070226105022.0 008 940514s1990 ch u000 u fre u 020 $a2-8271-0495-4 035 $a10202116 040 $aPUL$bita 100 1 $aFeiertag, Jean-Louis.$0(OLS)http://pul/name/7747 245 14$aLes Consultationes Zacchaei et Apollonii :$bétude d'histoire et de sotériologie /$cJean-Louis Feiertag. 260 $aFribourg, Suisse :$bÉditions Universitaires,$c1990. 300 $axliii, 378 ;$c23 cm 490 1 $aParadosis ;$v30 500 $a"Bibliographie": p. viii-xxxvi. 502 $aDiss. -- Université de Fribourg (Suisse), 1990. 630 04$aConsultationes Zacchaei christiani et Apollonii philosophi.$0(OLS)http://pul/subject/6754 830 0$aParadosis ;$v30.$0(OLS)http://pul/title/2776 850 $aPUL 852 $aPUL$W1$xSL Religione 1$y3$m20 B 30$j10966$nBK-PRI$b $qStampati$B10966$CPULBib$Z2$F10966 $H $81 941 1 $a8 961 $aINV: 65709 996 $6020$a2-8271-0495-4$9(OLS)http://pul/number/9956 996 $6245$aLes Consultationes Zacchaei et Apollonii :$bétude d'histoire et de sotériologie$9(OLS)http://pul/title/11282 996 $6260$aFribourg, Suisse :$bÉditions Universitaires$9(OLS)http://pul/publisher/51835 LEADER 01660nam a2200337 a 4500 001 000000090840 003 CaOOAMICUS 005 20150707121427.0 008 051221s2004 vc a u000 u ita r 020 $a88-209-7622-6 035 $a11073544 040 $aPUL$bita 110 2 $aConferenza episcopale italiana.$0(OLS)http://pul/name/9850 245 10$aComunicazione e missione :$bdirettorio sulle comunicazioni sociali nella missione della Chiesa /$cConferenza episcopale italiana. 260 $a[Cittŕ del Vaticano] :$bLibreria editrice vaticana,$cc2004. 300 $a200 p.$bill.$c21 cm 500 $aIndici: p. 148-199. 504 $aBibliografia: p. 142-147. 650 4$aComunicazione sociale.$0(OLS)http://pul/subject/16847 850 $aPUL 852 $aPUL$W1$xDP1 Fondo E. Rossi$y115$m6 A 39$j42608$a2. copia$qFondi$B157878$CPULBib$Z2$F157878 $82 852 $aPUL$W1$xDP1 Cons. Gen., Altre Classi 1$y22$m302.23/CEI/1$j114559$nBK-PRI$b $qStampati$B114559$CPULBib$Z2$F114559 $H $81 852 $aPUL$W1$xDP1 Fondo S. Lanza$y121$m3 F 50$j167003$qFondi$B167592$CPULBib$Z2$F167592 $HLAN94 $82 941 1 $a8 941 1 $a1 961 $aSul dorso collocazione ms. di E. Rossi: Com G D 5 961 $aNota ms. di possesso: Sergio Lanza 996 $6020$a88-209-7622-6$9(OLS)http://pul/number/119026 996 $6245$aComunicazione e missione :$bdirettorio sulle comunicazioni sociali nella missione della Chiesa$9(OLS)http://pul/title/117300 996 $6260$a[Cittŕ del Vaticano] :$bLibreria editrice vaticana$9(OLS)http://pul/publisher/49159 LEADER 01028nam a2200265 u 4500 001 000000065655 003 CaOOAMICUS 005 20070226121505.0 008 011212s1980 it u000 u ita u 035 $a10913807 040 $aPUL(R)$bita 100 1 $aMiccoli, Paolo,$csacerdote,$d1939-$0(OLS)http://pul/name/561 245 10$aIntroduzione alla filosofia della storia /$cPaolo Miccoli. 260 $aBrescia :$bPaideia,$cc1980. 300 $a148 p. ;$c19 cm 490 1 $aSubsidia Urbaniana ;$v2 504 $aBibliografia: p. 141-148. 650 4$aFilosofia$xStoria.$0(OLS)http://pul/subject/580 830 0$aSubsidia Urbaniana ;$v2.$0(OLS)http://pul/title/7818 850 $aPUL 852 $aPUL$W1$xSL Filosofia 1$y2$m94 L 1$j84976$nBK-PRI$b $qStampati$B84976$CPULBib$Z2$F84976 $H $81 941 1 $a8 961 $aINV: 48558 996 $6245$aIntroduzione alla filosofia della storia$9(OLS)http://pul/title/87289 996 $6260$aBrescia :$bPaideia$9(OLS)http://pul/publisher/47884